El secreto del Nilo /

Gespeichert in:
Bibliographische Detailangaben
1. Verfasser: Cabanas, Antonio (autor)
Format: Buch
Sprache:Spanisch
Veröffentlicht: Barcelona, España : Ediciones B, 2012, c2012
Schriftenreihe:(Serie Histórica Ediciones B)
Schlagworte:
Tags: Tag hinzufügen
Keine Tags, Fügen Sie das erste Tag hinzu!

MARC

LEADER 00000nam^a2200000^a^4500
001 000359453
005 20250521000000.0
009 20260310115357.36
020 |a 978-607-480-418-8 
037 |a Acervo ITESO - Biblioteca 
041 |a ESP 
082 |a 863.  |b CAB 
100 |a Cabanas, Antonio  |e (autor) 
245 1 3 |a El secreto del Nilo /  |c A. Cabanas. 
264 4 |a Barcelona, España :  |b Ediciones B,  |c 2012, c2012 
300 |a 837 p. 
336 |a texto  |b txt  |2 rdacontenido 
337 |a sin mediación  |b n  |2 rdamedio 
338 |a volumen  |b nc  |2 rdasoporte 
440 1 |a (Serie Histórica Ediciones B) 
649 |a XX 
650 |a Novela Histórica 
650 |a Novela Española 
650 |a Literatura e Historia 
650 |a Literatura Española -  |y Siglo XXI 
650 |a Egipto en la Literatura 
650 |a Egipto -  |x Historia -  |y Dinastía XVIII, 1567-1320 a.C. -  |x Tema Principal 
650 |a Egipto -  |x Historia -  |y Imperio Nuevo, 1567-1085 a.C. 
650 |a Egipto -  |x Historia Antigua 
650 |a Historia Antigua 
910 |a Fondo General 
920 |a Impresos - Libros 
930 |a Colección General 
940 |a Literatura 
905 |a 101 
901 |a 0500252468  |b IT1  |c LIT  |i D72726  |u 20250521 
902 |a https://opac.biblio.iteso.mx/vufind/Record/000359453